Zhodnotenie finančnej situácie Generali Poisťovne, a.s., v SR

Vykonanie finančnej analýzy v poisťovníctve. Najvýznamnejšie ratingové agentúry. Výkonové ukazovatele poisťovníctva. Analýza súvahy a výkazu ziskov a strát. Analýza rentability, likvidity a finančnej činnosti.

Enregistré dans:
Détails bibliographiques
Auteur principal: Kafková, Eva
Autres auteurs: Karchová, Magdaléna, 1981-
Format: Chapitre de livre
Langue:slovaque
Sujets:
Tags: Ajouter un tag
Pas de tags, Soyez le premier à ajouter un tag!

MARC

LEADER 00000nla$a2200000$$$4500
001 0050946
005 20240502071604.9
041 0 |a slo 
044 |a SK 
245 1 0 |a Zhodnotenie finančnej situácie Generali Poisťovne, a.s., v SR  |c Eva Kafková, Magdaléna Karchová 
520 |a Vykonanie finančnej analýzy v poisťovníctve. Najvýznamnejšie ratingové agentúry. Výkonové ukazovatele poisťovníctva. Analýza súvahy a výkazu ziskov a strát. Analýza rentability, likvidity a finančnej činnosti. 
610 2 0 |a situácia finančná podniku 
610 2 0 |a poisťovne 
610 2 0 |a poisťovníctvo 
610 2 0 |a ukazovatele 
610 2 0 |a súvaha 
610 2 0 |a výkaz ziskov a strát 
610 2 0 |a likvidita 
610 2 0 |a rentabilita 
610 2 0 |a investovanie 
100 1 |a Kafková, Eva 
700 1 |a Karchová, Magdaléna, 1981-